Keynote Address: (Record no. 3582)

MARC details
000 -LEADER
fixed length control field 00860naa a2200253 u 4500
001 - CONTROL NUMBER
control field 06258
003 - CONTROL NUMBER IDENTIFIER
control field HDC
007 - PHYSICAL DESCRIPTION FIXED FIELD--GENERAL INFORMATION
fixed length control field cr bn|---aauu|
008 - FIXED-LENGTH DATA ELEMENTS--GENERAL INFORMATION
fixed length control field 210123e2008 xx | a z000 s eng d
040 ## - CATALOGING SOURCE
Original cataloging agency HDC
100 ## - MAIN ENTRY--PERSONAL NAME
Personal name YBhg. Dato' Jamil Bidin
9 (RLIN) 6602
245 #0 - TITLE STATEMENT
Title Keynote Address:
Remainder of title "MALAYSIA AS THE GLOBAL HALAL HUB" /
Statement of responsibility, etc. by YBhg. Dato' Jamil Bidin
260 ## - PUBLICATION, DISTRIBUTION, ETC.
Place of publication, distribution, etc. KUALA LUMPUR
Name of publisher, distributor, etc. [publisher not identified],
Date of publication, distribution, etc. 2008
300 ## - PHYSICAL DESCRIPTION
Extent 16 pages
336 ## - CONTENT TYPE
Content type term text
Source rdacontent
337 ## - MEDIA TYPE
Media type term computer
Source rdamedia
338 ## - CARRIER TYPE
Carrier type term online resource
Source rdacarrier
650 ## - SUBJECT ADDED ENTRY--TOPICAL TERM
Topical term or geographic name entry element Halal food
9 (RLIN) 50
650 ## - SUBJECT ADDED ENTRY--TOPICAL TERM
Topical term or geographic name entry element Halal hub
Geographic subdivision Malaysia
9 (RLIN) 5661
650 ## - SUBJECT ADDED ENTRY--TOPICAL TERM
Topical term or geographic name entry element Halal industry
9 (RLIN) 144
856 ## - ELECTRONIC LOCATION AND ACCESS
Public note Request full-text at [email protected]
942 ## - ADDED ENTRY ELEMENTS (KOHA)
Source of classification or shelving scheme Library of Congress Classification
942 ## - ADDED ENTRY ELEMENTS (KOHA)
Koha item type Speech
Holdings
Withdrawn status Lost status Source of classification or shelving scheme Damaged status Not for loan Home library Current library Shelving location Date acquired Total checkouts Date last seen Price effective from Koha item type
    Library of Congress Classification     Halal Development Corporation Library Halal Development Corporation Library Open Shelves 24/05/2023   24/05/2023 24/05/2023 Speech
Halal Development Corporation Berhad (HDC)
5.02 Level 5, KPMG Tower, First Avenue, Persiaran Bandar Utama, 47800 Petaling Jaya, Selangor Darul Ehsan
Phone: +603 7965 5489 Email: [email protected]